LIBRARY & INFORMATION CENTRE, KCAET, TAVANUR

ONLINE PUBLIC ACCESS CATALOGUE (OPAC)

Production, Processing and Marketing of Milk and Milk Products (Record no. 14259)

MARC details
000 -LEADER
fixed length control field 00337nam a22001337a 4500
020 ## - INTERNATIONAL STANDARD BOOK NUMBER
ISBN 9788176222631
082 ## - DEWEY DECIMAL CLASSIFICATION NUMBER
Classification number 637.1
Item number PAN/PR
100 ## - MAIN ENTRY--AUTHOR NAME
Personal name Pandey Rajendra Kumar
245 ## - TITLE STATEMENT
Title Production, Processing and Marketing of Milk and Milk Products
250 ## - EDITION STATEMENT
Edition statement 1
260 ## - PUBLICATION, DISTRIBUTION, ETC. (IMPRINT)
Place of publication Delhi
Name of publisher Biotech Books
Year of publication 2013
300 ## - PHYSICAL DESCRIPTION
Number of Pages 223
942 ## - ADDED ENTRY ELEMENTS (KOHA)
Koha item type Books
Holdings
Withdrawn status Lost status Damaged status Collection code Home library Current library Shelving location Date acquired Source of acquisition Cost, normal purchase price Full call number Accession Number Koha item type
        KAUAET KAUAET General Stacks 09/06/2016 Universal Research Books, Thrissur 890.00 637.1 PAN/PR 24308 Books
free website counter